| 000 | 00000nam 2200000zi 4500 |
| 001 | 9.930298 |
| 003 | CaOODSP |
| 005 | 20250721152414 |
| 006 | m o d f |
| 007 | cr cn||||||||| |
| 008 | 231114t20232023oncd obs f000 0 eng d |
| 040 | |aCaOODSP|beng|erda|cCaOODSP |
| 043 | |an-cn--- |
| 086 | 1 |aCS75-006/2023-12E-PDF |
| 100 | 1 |aMelvin, Alexandria, |eauthor. |
| 245 | 10|aPostsecondary educational attainment and labour market outcomes among Indigenous peoples in Canada, findings from the 2021 Census / |cby Alexandria Melvin. |
| 264 | 1|a[Ottawa] : |bStatistics Canada = Statistique Canada, |c2023. |
| 264 | 4|c©2023 |
| 300 | |a1 online resource (18 pages) : |bgraphs. |
| 336 | |atext|btxt|2rdacontent |
| 337 | |acomputer|bc|2rdamedia |
| 338 | |aonline resource|bcr|2rdacarrier |
| 490 | 1 |aInsights on Canadian society, |x2291-0840 |
| 500 | |aCover title. |
| 500 | |a"Release date: October 27, 2023." |
| 500 | |aIssued also in French under title: Niveau de scolarité postsecondaire et résultats sur le marché du travail chez les peuples autochtones au Canada, résultats du Recensement de 2021. |
| 504 | |aIncludes bibliographical references (pages 17-18). |
| 520 | |a"Over the past decade, educational attainment among the Indigenous population has improved, particularly among Indigenous women. Recent data from the 2021 Census show continued improvements in the proportion of First Nations people, Métis and Inuit who had completed high school, as well as those who had attained a bachelor’s degree or higher, compared with 2016 ... This article uses data from the 2021 Census of Population to report on postsecondary educational attainment among Indigenous adults aged 25 to 64 years, including changes in educational attainment since 2016 ... This article also describes labour market outcomes among Indigenous adults and highlights outcomes for those with higher levels of education"--Introduction, page 2. |
| 650 | 0|aPostsecondary education|zCanada|vStatistics. |
| 650 | 0|aIndigenous peoples|xEducation|zCanada|vStatistics. |
| 650 | 0|aIndigenous peoples|xEmployment|zCanada|vStatistics. |
| 650 | 0|aIndustrial relations|zCanada|vStatistics. |
| 655 | 7|aStatistics|2lcgft |
| 710 | 2 |aStatistics Canada, |eissuing body. |
| 775 | 08|tNiveau de scolarité postsecondaire et résultats sur le marché du travail chez les peuples autochtones au Canada, résultats du Recensement de 2021 / |w(CaOODSP)9.930304 |
| 830 | #0|aInsights on Canadian society (Statistics Canada)|x2291-0840|w(CaOODSP)9.507406 |
| 856 | 40|qPDF|s536 KB|uhttps://publications.gc.ca/collections/collection_2023/statcan/75-006-x/75-006-2023-12-eng.pdf |
| 856 | 4 |qHTML|sN/A|uhttps://www150.statcan.gc.ca/n1/pub/75-006-x/2023001/article/00012-eng.htm |
| 986 | |a75-006-X |